000 00246 a2200097 4500
001 56054
100 _a
245 _aSilent warfare ; understanding the world of intelligence
260 _aWashington D C
_bPass Books
_c2002
090 _c34728
_d34728
942 _aNUST-CAE
_c
_c27478
999 _c291127
_d291127